000
00349nam a2200145Ia 4500
008
230312s9999||||xx |||||||||||||| ||und||
020
_a
9789696520672
082
_a
891.4
_b
ALF-C
100
_a
ایلف شفق
245
0
_a
چالیس چراغ عشق کے
260
_b
Jamhori
_a
pak
_c
2017
300
_a
3747
650
_a
Literature
942
_c
BK
999
_c
14859
_d
14859